• 首页
  • 本馆介绍
  • 公告通知
  • 最新文献
  • 馆藏检索
  • 电子资源
  • 读者导购
  • 参考咨询
  • 我的图书馆
  • 登录
  • 详细信息显示
  • 放入我的书架
  • 预约/预借图书
  • 作者相关作品
  • 分类相关作品
  • 丛书相关作品
  • 出版社相关作品

书目信息

  • 表格格式
  • 工作单格式
  • 卡片格式
题名:
世界玉兰属植物资源与栽培利用
    
 
作者: 赵天榜 主编
分册:  
出版信息: 北京   科学出版社  2013.09
页数: 604页
开本: 29cm
丛书名:
单 册:
中图分类: Q949.747.1 , S685.15
科图分类:
主题词: 玉兰--植物资源 , 玉兰 , 植物资源
电子资源:
ISBN: 978-7-03-038602-1
000 01021nam0 2200289 450
001 0120131144608
005 20140609154649.46
010    @a978-7-03-038602-1@dCNY260.00
100    @a20131211d2013 em y0chiy0110 ea
101 0  @achi
102    @aCN@b110000
105    @aafk z 001yy
106    @ar
200 1  @a世界玉兰属植物资源与栽培利用@9shi jie yu lan shu zhi wu zi yuan yu zai pei li yong@f赵天榜[等]主编
210    @a北京@c科学出版社@d2013.09
215    @a604页@c图,图版(12页)@d29cm
304    @a主编还有:田国行,傅大立,赵东欣
330    @a本书是全面系统地研究玉兰属植物起源、分类理论、种质资源、良种选育、栽培理论与技术和开发利用相结合的一部专著。
333    @a本书可供植物分类学、树木学、森林培育学等专业师生、科研单位技术人员及园林、花卉爱好者参考等
606 0  @a玉兰@x植物资源
606 0  @a玉兰
606 0  @a植物资源
690    @aQ949.747.1@v5
690    @aS685.15@v5
701  0 @a赵天榜@9zhao tian bang@4主编
801  0 @aCN@b人天书店@c20131211
905    @b549909-11@dQ949.747.1@e239@f3
    
    世界玉兰属植物资源与栽培利用/赵天榜[等]主编.-北京:科学出版社,2013.09
    604页:图,图版(12页);29cm
    使用对象:本书可供植物分类学、树木学、森林培育学等专业师生、科研单位技术人员及园林、花卉爱好者参考等
    
    ISBN 978-7-03-038602-1:CNY260.00
    本书是全面系统地研究玉兰属植物起源、分类理论、种质资源、良种选育、栽培理论与技术和开发利用相结合的一部专著。
●
相关链接 在E读中查询图书 在五车中查询图书 在当当中查询图书 在豆瓣中查询图书


正题名:世界玉兰属植物资源与栽培利用     索取号:Q949.747.1/239         预约/预借

序号 登录号 条形码 馆藏地/架位号 状态 备注
1 549909   205499094   第二样本阅览室/ [索取号:Q949.747.1/239] 在馆    
2 549910   205499101   第三借阅区/ [索取号:Q949.747.1/239] 在馆    
3 549911   205499110   密集书库-生命科学系/ [索取号:Q949.747.1/239] 在馆    
唐山师范学院图书馆 欢迎您!
大连网信软件有限公司© 版权所有